01327cam a22003257a 4500003000500000005001700005008004100022010001000063011001000073035001000083040000900093082001600102110008100118245005900199260003600258300001600294590004100310590004100351590004100392590004200433650004300475650003500518901000700553942001000560949006600570949007100636999001700707952013600724952014100860CHAP20220329141317.0971013s1988 r 00010 d a66223 a67195 a76665 cCHAP a332.71bF52 aFideicomiso para Crédito en Areas de Riego y de Temporal. México.940726 0aEvaluación de la gestión en el período 1982-1988 a[s.l.] :bEl Fideicomiso,c1988 ac.a. 200 p. aBATCH-UPDb10c20130110lUCH01h1845 aBATCH-UPDb10c20130410lUCH01h1215 aBATCH-UPDb10c20130914lUCH01h1102 aCONVERSIONb10c20130109lUCH01h133614aCrédito agrícolazMéxico.92908914aIrrigaciónxMéxico.960433 aBK cLIBRO a332.71 F52bBCcLIBROd33724000337804eLIBROh74929i76665si a332.71 F52bBCcLIBROd33724000337820eLIBROfc.2h74930i76665si c66223d66223 00102ddc4052708GRALaBCbBCcPA_GRALd2019-12-31fLIBROl0o332.71 F52p33724000337804r2019-12-31 00:00:00w2019-12-31yLIBRO 00102ddc4052708GRALaBCbBCcPA_GRALd2019-12-31fLIBROl0o332.71 F52p33724000337820r2019-12-31 00:00:00tc.2w2019-12-31yLIBRO